LEADER 02046nam a2200373 i 4500 001 000000193691 003 CaOOAMICUS 005 20101027000000.0 008 101027s2009 it u000 u ita u 013 $a172334 020 $a978-884672384-0 040 $aSeMil$bita 245 10$aAgostino a scuola: letteratura e didattica :$batti della Giornata di studio di Pavia (13 novembre 2008) /$ca cura di Fabio Gasti e Marino Neri. 260 $aPisa :$bETS,$c2009. 300 $a190 p. ;$c24 cm. 490 0 $aTesti e studi di cultura classica ;$v43 650 4$aAgostino, Aurelio - Cultura classica.$0(OLS)http://semarc/subject/36399 700 1 $aNeri, Marino <1976- >.$0(OLS)http://semarc/name/70492 700 1 $aGasti, Fabio,$d<1962- >.$0(OLS)http://semarc/name/70491 774 0 $tAgostino e la scuola. L'utilitas della formazione scolastica e la prosa delle Confessioni.$w()329592 774 0 $tAgostino fondatore di una retorica cristiana.$w()329593 774 0 $tParturitio novae vitae: raccontare la conversione (Aug. Conf. VIII e due lettere).$w()329594 774 0 $tAgostino tra Bruno, Livio e Virgilio (Civ 3,16 ; 5,18): un possibile tirannicidio cristiano?.$w()329595 774 0 $tLessico dell' "io " e lessico di Dio in Agostino.$w()329596 774 0 $tFilosofia e Latino: un percorso interdisciplinare.$w()329597 774 0 $tAgostino a scuola. Un confronto tra Agostino e Seneca saepe noster.$w()329598 774 0 $tPer una didattica agostiniana.$w()329599 830 0$aTesti e studi di cultura classica ;$v43.$0(OLS)http://semarc/title/32085 850 $aSeMil 852 $aSeMil$W1$xVenegono$y1$m2T V 76$j144265$B144265$CSeMilBibl$Z2$F156027 $81 961 $aOmaggio: Delpini mons. Mario 996 $6020$a978-884672384-0$9(OLS)http://semarc/number/185148 996 $6245$aAgostino a scuola: letteratura e didattica :$batti della Giornata di studio di Pavia (13 novembre 2008)$9(OLS)http://semarc/title/279271 996 $6260$aPisa :$bETS$9(OLS)http://semarc/publisher/31866 LEADER 01838nam a2200325 i 4500 001 000000077476 003 CaOOAMICUS 005 20010723000000.0 008 010723s2001 it u000 u fre u 013 $a48648 020 $a3-7278-136-9 040 $aSeMil$bita 245 13$aLa double transmission de texte biblique :$bétudes d'histoire du texte offertes en hommage ŕ Adrian Schenker /$céditées par Yohanan Goldman, Christoph Uehlinger. 260 $aGöttingen :$bVandenhoeck & Ruprecht,$c2001. 260 $aFribourg (Suisse) :$bÉditions Universitaires,$c2001. 300 $a114 p. ;$c24 cm. 490 0 $aOrbis Biblicus et Orientalis ;$v179 500 $a((Atti del colloquio tenutosi presso l'Institute biblique de l'Université de Fribourg (Suisse) l'11 giugno 1999. - Contiene : Bibliographie d'Adrian Schenker (études bibliques). 650 4$aBibbia. Antico Testamento - Commentari, studi, critica, interpretazioni.$0(OLS)http://semarc/subject/2 700 1 $aGoldman, Yohanan.$0(OLS)http://semarc/name/20626 700 1 $aÜhlinger, Christoph.$0(OLS)http://semarc/name/18305 700 1 $aSchenker, Adrian,$c.$0(OLS)http://semarc/name/89729 830 0$aOrbis Biblicus et Orientalis ;$v179.$0(OLS)http://semarc/title/283 850 $aSeMil 852 $aSeMil$W1$xVenegono$y1$m2U VI 379$j43628$B43628$CSeMilBibl$Z2$F43270 $81 961 $aSottoscrizione: Casa editrice 996 $6020$a3-7278-136-9$9(OLS)http://semarc/number/59181 996 $6245$aLa double transmission de texte biblique :$bétudes d'histoire du texte offertes en hommage ŕ Adrian Schenker$9(OLS)http://semarc/title/125818 996 $6260$aFribourg (Suisse) :$bÉditions Universitaires$9(OLS)http://semarc/publisher/29915 996 $6260$aGöttingen :$bVandenhoeck & Ruprecht$9(OLS)http://semarc/publisher/29697